| 000 | 00393nam a22001337a 4500 | ||
|---|---|---|---|
| 003 | OSt | ||
| 008 | 220806b |||||||| |||| 00| 0 eng d | ||
| 020 | _a97817340109 | ||
| 082 |
_a920.009 _bAGG/NA |
||
| 100 |
_aAggarwala, Adish C _aHoran, Elisebath _95237 |
||
| 245 |
_aNarendra Modi _bHarbinger of prosperity and apostle of world peace |
||
| 260 |
_aNew York _bUSA Publications _c2021 |
||
| 942 | _cBK | ||
| 999 |
_c17536 _d17536 |
||